Normal view
MARC view
Entry Topical Term
001 - CONTROL NUMBER
- control field: 51234
003 - CONTROL NUMBER IDENTIFIER
- control field: NUST
005 - DATE AND TIME OF LATEST TRANSACTION
- control field: 20210314134932.0
008 - FIXED-LENGTH DATA ELEMENTS
- fixed length control field: 210314|| aca||aabn | a|a d
040 ## - CATALOGING SOURCE
- Original cataloging agency: NUST
- Transcribing agency: NUST
150 ## - HEADING--TOPICAL TERM
- Topical term following geographic name entry element: Syn#27 ,2017
670 ## - SOURCE DATA FOUND
- Source citation: Work cat.: (NUST): Abdul Rehman Tariq 51233, Cellular Light Weight Concrete Using Waste Materials, 2017.
